上場企業が1社のみ存在する市区町村 - Statistics

General Stats
  • This quiz has been taken 63 times
  • The average score is 24 of 213
Answer Stats
企業名 市場区分 33業種区分 Answer % Correct
秋田銀行 P 銀行 秋田市
46%
富士急行 P 陸運 富士吉田市
43%
日野自動車 P 輸送用機器 日野市
41%
ダイイチ S 小売 帯広市
37%
キッコーマン P 食料品 野田市
35%
テーオーホールディングス S 卸売 函館市
33%
ファナック P 電機 忍野村
33%
マツダ P 輸送用機器 府中町
33%
フジタコーポレーション S 小売 苫小牧市
30%
セイコーエプソン P 電機 諏訪市
30%
プログレアホールディングス P 銀行 青森市
28%
ヤマハ発動機 P 輸送用機器 磐田市
26%
南都銀行 P 銀行 奈良市
26%
沖縄電力 P 電気・ガス 浦添市
26%
東北化学薬品 S 卸売 弘前市
24%
サンデー S 小売 八戸市
24%
澤藤電機 S 電機 太田市
24%
アツギ P 繊維 海老名市
24%
ジャニス工業 名M ガラス・土石 常滑市
22%
亀田製菓 P 食料品 新潟市江南区
20%
旭有機材 P 化学 延岡市
20%
大日光・エンジニアリング S 電機 日光市
17%
理研コランダム S ガラス・土石 鴻巣市
17%
サンコーテクノ S 金属製品 流山市
17%
雪国まいたけ P 水産・農林 南魚沼市
17%
ハードオフコーポレーション P 小売 新発田市
17%
トップカルチャー S 小売 新潟市西区
17%
アミューズ P サービス 富士河口湖町
17%
ユニバンス S 輸送用機器 湖西市
17%
フジオーゼックス S 輸送用機器 菊川市
17%
OSG P 機械 豊川市
17%
ゼネラルパッカー S 機械 北名古屋市
17%
三東工業社 S 建設 栗東市
17%
湖北工業 S 電機 長浜市
17%
寿スピリッツ P 食料品 米子市
17%
サンエー P 小売 宜野湾市
17%
北雄ラッキー S 小売 札幌市手稲区
15%
山大 S 卸売 石巻市
15%
センコン物流 S 陸運 名取市
15%
滝沢ハム S 食料品 栃木市
15%
やまびこ P 機械 青梅市
15%
カヤック G 情報・通信 鎌倉市
15%
小田原エンジニアリング S 機械 開成町
15%
日本スキー場開発 G サービス 白馬村
15%
ミマキエンジニアリング P 電機 東御市
15%
ティーライフ S 小売 島田市
15%
FUJI P 機械 知立市
15%
日東工業 P 電機 長久手市
15%
今仙電機製作所 P 輸送用機器 犬山市
15%
朝日インテック P 精密機器 瀬戸市
15%
ジャパン・ティッシュエンジニアリング G 精密機器 蒲郡市
15%
エスティック S 機械 守口市
15%
キーエンス P 電機 大阪市東淀川区
15%
ソネック S 建設 高砂市
15%
中国工業 S 金属製品 呉市
15%
スターフライヤー S 空運 北九州市小倉南区
15%
北海道コカ・コーラボトリング S 食料品 札幌市清田区
13%
仙波糖化工業 S 食料品 真岡市
13%
タツミ S 輸送用機器 足利市
13%
エフテック P 輸送用機器 久喜市
13%
テイエス・テック P 輸送用機器 朝霞市
13%
リベレステ S 不動産 草加市
13%
第一屋製パン S 食料品 小平市
13%
NITTAN S 機械 秦野市
13%
jig.jp G 情報・通信 鯖江市
13%
和井田製作所 S 機械 高山市
13%
ナトコ S 化学 みよし市
13%
中日本鋳工 名M 機械 西尾市
13%
ホシザキ P 機械 豊明市
13%
カネソウ 名M 金属製品 朝日町
13%
キクカワエンタープライズ S 機械 伊勢市
13%
アテクト S 化学 東近江市
13%
夢展望 G 小売 池田市
13%
エクセディ P 輸送用機器 寝屋川市
13%
アルファ S サービス 岡山市中区
13%
HYUGA PRIMARY CARE G 小売 春日市
13%
ゼンリン P 情報・通信 北九州市戸畑区
13%
日東ベスト S 食料品 寒河江市
11%
ピックルスホールディングス P 食料品 所沢市
11%
ケイアイスター不動産 P 不動産 本庄市
11%
T&K TOKA P 化学 三芳町
11%
大成ラミック S 化学 白岡市
11%
ジィ・シィ企画 G 情報・通信 佐倉市
11%
芝浦メカトロニクス P 電機 横浜市栄区
11%
OBARA GROUP S 電機 大和市
11%
アイスコ S 卸売 横浜市泉区
11%
セイヒョー S 食料品 新潟市北区
11%
シキノハイテック S 電機 魚津市
11%
大同工業 S 機械 加賀市
11%
松屋アールアンドディ G 輸送用機器 大野市
11%
オキサイド G 電機 北杜市
11%
光・彩 S その他製品 甲斐市
11%
日精エー・エス・ビー機械 P 機械 小諸市
11%
信和 S 金属製品 海津市
11%
ジーエフシー S 卸売 笠松町
11%
セブン工業 S その他製品 美濃加茂市
11%
エスライン S 陸運 岐南町
11%
文溪堂 名M 通信 羽島市
11%
デイトナ S 輸送用機器 森町
11%
エイケン工業 S 輸送用機器 御前崎市
11%
石塚硝子 S ガラス・土石 岩倉市
11%
名古屋電機工業 名M 電機 あま市
11%
進和 P 卸売 名古屋市守山区
11%
金下建設 S 建設 宮津市
11%
日東精工 P 金属製品 綾部市
11%
ニチダイ S 機械 京田辺市
11%
タカトリ S 機械 橿原市
11%
タカショー P 卸売 海南市
11%
岡山製紙 S パルプ・紙 岡山市南区
11%
アヲハタ S 食料品 竹原市
11%
マルタイ 福岡 食料品 福岡市西区
11%
RKB毎日ホールディングス 福岡 情報・通信 福岡市早良区
11%
日糧製パン 札幌 食料品 札幌市豊平区
9%
ホットマン S 小売 仙台市太白区
9%
かわでん S 精密 南陽市
9%
ナカニシ S 精密機器 鹿沼市
9%
岡本工作機械製作所 S 機械 安中市
9%
サンケン電気 P 電機 新座市
9%
ワコム P 電機 加須市
9%
曙ブレーキ工業 P 輸送用機器 羽生市
9%
タムロン P 精密機器 さいたま市見沼区
9%
ベルク P 小売 鶴ヶ島市
9%
地域新聞社 G サービス 八千代市
9%
細谷火工 S 化学 あきる野市
9%
ワットマン S 小売 横浜市旭区
9%
ヤマウラ P 建設 駒ヶ根市
9%
サンクゼール G 食料品 飯綱町
9%
土木管理総合試験所 P サービス 千曲市
9%
鈴木 P 電機 須坂市
9%
サンコー S 電機 塩尻市
9%
エフビー介護サービス S サービス 佐久市
9%
レシップホールディングス P 輸送用機器 本巣市
9%
未来工業 P 化学 輪之内町
9%
新東 S ガラス・土石 高浜市
9%
テクノホライゾン S 電機 名古屋市南区
9%
MICS化学 S 化学 東郷町
9%
日本デコラックス 名M 化学 扶桑町
9%
安永 P 輸送用機器 伊賀市
9%
ヨータイ P ガラス・土石 貝塚市
9%
やまみ P 食料品 三原市
9%
内海造船 S 輸送用機器 尾道市
9%
ウッドワン S その他製品 廿日市市
9%
大石産業 S パルプ・紙 北九州市八幡東区
9%
プラッツ G その他製品 大野城市
9%
ビューティ花壇 S 卸売 熊本市南区
9%
ホーブ S 水産・農林 東神楽町
7%
東邦アセチレン P 化学 多賀城市
7%
東北特殊鋼 S 鉄鋼 村田町
7%
植松商会 S 卸売 仙台市若林区
7%
助川電気工業 S 精密機器 高萩市
7%
デクセリアルズ P 化学 下野市
7%
篠崎屋 S 食料品 越谷市
7%
プラコー S 機械 さいたま市岩槻区
7%
東洋エンジニアリング P 建設 習志野市
7%
南総通運 S 陸運 東金市
7%
アビスト P サービス 三鷹市
7%
リバーエレテック S 電機 韮崎市
7%
タカノ S その他製品 宮田村
7%
ユタカフーズ S 食料品 武豊町
7%
あさくま S 小売 名古屋市天白区
7%
タカキタ S 機械 名張市
7%
星和電機 S 電機 城陽市
7%
石光商事 S 卸売 神戸市灘区
7%
JMACS S 非鉄金属 加東市
7%
GMB S 輸送用機器 川西町
7%
アルファクス・フード・システム G 情報・通信 山陽小野田市
7%
リテールパートナーズ P 小売 防府市
7%
ありがとうサービス S 小売 今治市
7%
室町ケミカル S 医薬品 大牟田市
7%
平田機工 P 機械 熊本市北区
7%
グリーンランドリゾート S サービス 荒尾市
7%
日本電解 G 非鉄金属 筑西市
4%
免疫生物研究所 G 医薬品 藤岡市
4%
ジャパンフーズ S 食料品 長柄町
4%
ケーヨー P 小売 千葉市若葉区
4%
アイダエンジニアリング P 機械 相模原市緑区
4%
サンリン S 卸売 山形村
4%
KVK S 機械 富加町
4%
ICDAホールディングス S 小売 鈴鹿市
4%
ジャパンマテリアル P サービス 菰野町
4%
あさひ P 小売 大阪市都島区
4%
中山製鋼所 P 鉄鋼 大阪市大正区
4%
日本パワーファスニング S 金属製品 箕面市
4%
トーアミ S 金属製品 四条畷市
4%
誠建設工業 S 不動産 堺市中区
4%
ヒラキ S 小売 神戸市西区
4%
ジュンテンドー S 小売 益田市
4%
ハローズ P 小売 早島町
4%
ニホンフラッシュ P その他製品 小松島市
4%
メドレックス G 医薬品 東かがわ市
4%
ミロク S その他製品 南国市
4%
アイ・ケイ・ケイホールディングス P サービス 志免町
4%
昭和鉄工 福岡 金属製品 宇美町
4%
西部電機 S 機械 古賀市
4%
倉元製作所 S ガラス・土石 栗原市
2%
ミクロン精密 S 機械 蔵王市
2%
AIメカテック S 機械 龍ヶ崎市
2%
テセック S 機械 東大和市
2%
カワサキ S 卸売 忠岡町
2%
オカダアイヨン P 機械 大阪市港区
2%
ヒラノテクシード S 機械 河合町
2%
アスカネット G サービス 広島市安佐南区
2%
サイタホールディングス 福岡 建設 朝倉市
2%
イフジ産業 S 食料品 粕屋町
2%
ワイエスフード S 小売 香春町
2%
協立エアテック S 金属製品 篠栗町
2%
丸東産業 福岡 化学 小郡市
2%
Lib Work G 建設 山鹿市
2%
cotta G 卸売 津久見市
2%
TRUCK-ONE 福Q 卸売 下松市
0%
日本興業 S ガラス・土石 さぬき市
0%
ヒガシマル 福岡 食料品 日置市
0%
マルマエ P 機械 出水市
0%
No matching quizzes found
Score Distribution
Percent of People with Each Score
Percentile by Number Answered
Your Score History
You have not taken this quiz